Представление документа в формате RUSMARC

ПолеНазваниеЗначение
  Тип записи a
  Библиографический уровень m
001 Контрольный номер RU/IS/BASE/466521344
005 Дата корректировки 20240209174531.1
010 Индекс ISBN __
b Уточнения в пер.
d Цена 339 р. 00 к.
9 Тираж экз.
100 Данные общей обработки __
a Данные общей обработки 20141013d2014 ||| 0rusy0189 ca
101 Язык документа 0_
a Язык текста rus
102 Страна публикации __
a Страна публикации RU
105 Кодированные данные (монография) __
a Кодированные данные (монография) y###||||000|y
200 Заглавие и сведения об ответственности 1_
a Заглавие Большая книга Super приключения
b Общее обозначение материала Текст
210 Выходные данные 1_
a Место издания Москва
c Издательство ЭКСМО
d Дата издания 2009
215 Физическое описание __
a Объем 383 с.
d Формат см.
225 Серия 0_
a Серия Большая книга приключений
300 Общие примечания __
a Общие примечания Ограничения по возрасту - +
300 Общие примечания __
a Общие примечания Под инв. номером 131015: 2-1, ВСО-1
686 Индексы других классификаций __
a Классификационный индекс 82(2Рос=Рус)6
2 Код системы ББК
700 Автор _0
a Фамилия Авербах
b Имя (инициалы) В.
801 Источник записи _0
a Страна RU
b Организация МБУК ЦБС г. Ульяновска
c Дата составления 20141013
g Правила каталогизации RCR
801 Источник записи _1
a Страна RU
b Организация МБУК ЦБС г. Ульяновска
c Дата составления 20141013
g Правила каталогизации RCR
899 Данные о местонахождении __
i Авторский знак А 19
j Расстановочный фильтр Р6
901 Тип документа __
t Тип документа m
910 Корректоры записи __
a Корректор записи Плотникова